| 000 | 00578nam a2200181 a 4500 | ||
|---|---|---|---|
| 001 | 2218 | ||
| 005 | 20140414131953.0 | ||
| 008 | 001111s19uu xx 00 eng d | ||
| 020 | _a0-675-04406-5 | ||
| 050 |
_aTR 420.7 _bH73 1976 |
||
| 100 | _aHillerich, Robert L. | ||
| 245 |
_aSpelling for writing : _bThe merril spelling program / _cRobert L. Hillerich, Sharon Gould. |
||
| 260 |
_aColumbus, Ohio : _bCharles Merrill Pub. Co, _c1976. |
||
| 300 | _a174 p. ; col. ; ill. | ||
| 650 | _aEnglish language -- spelling -- study and teaching | ||
| 999 |
_c112851 _d112851 |
||